| 000 | 03877nam a2200253 4500 | ||
|---|---|---|---|
| 001 | 9215 | ||
| 090 | _a9215 | ||
| 099 | _tLIVR | ||
| 100 | _a20251114d u||y0frey5050 ba | ||
| 101 | _aara | ||
| 102 | _aTN | ||
| 200 |
_aالفن الإسلامي _bLIVR _eالمفهوم و النشأة و الجماليات _fمحمد الكحلاوي |
||
| 210 |
_aTunisie _cمنشورات كارم الشريف _d2010 |
||
| 215 |
_a265p. _ccouv.coul _d21x15 |
||
| 330 | _aرغم كثرة الدّراسات و البحوث المنجزة حول الفنّ الإسلامي و تاريخه، سواء ألّفها مستشرقون و مؤرّخو فنّ غربيون أو وضعها باحثون عرب، فإنّ مشكلة تحديد مفهوم "الفنّ الإسلامي"، أو "الفنّ العربي الإسلامي" ووضعه في سياقه المرجعي، مسألة لم يدرك إشكالياتها و ملابساتها الحقيقيّة إلّا قلّة ممّن وضع اصطلاح "الفنّ الإسلامي" و سياقه التداولي موضع مساءلة، و نقد، مستندا في ذلك إلى المفاهيم المعاصرة لعلم الجمال و فلسفة الفنّ و السيميائيات، و غيرها من مكتسبات سائر حقول المعرفة و الإنسانيّات، مع الاطّلاع الواسع على أمّهات مصادر الثّقافة العربية في الفلسفة و التصوّف و الأدب، بحثا عن معان و تصوّرات للفنّ و الجمال، اختصّت بها هذه المصادر. لقد حاولنا في هذا التّأليف أن نواصل البحث في ضوء الإشكاليّات التّي طرحها باحثون مرموقون مثل الخطيبي و علي اللّواتي و الحبيب بيدة و شربل داغر و فريد الزّاهي، و أن ننطلق ممّا توصّلوا إليه من استنتاجات، تحدونا الرّغبة في بناء معالم فلسفة للفنّ الإسلامي، تدرك، بالاستناد إلى مقولاتها، الأساسيّة جماليات الفنّ الإسلامي. فعمّقنا النّظر أكثر في النّصوص الصوفيّة التّي اختصّت بمادّة معرفيّة عميقة المدارات، تستغرق نظرة العربي المسلم إلى الوجود و الألوهية و الإنسان. و لم نكتف باعتماد مقولات الفكر الصوفي في قراءة جماليات فنّ الخطّ العربي أو الزّخرفة، بل طرقنا موضوع المدينة العربيّة الإسلاميّة من جهة منشآتها و تخطيطها و انتظام وحداتها. | ||
| 606 |
_aالفن و الجمال في الحضارات القديمة _xالفن المصري القديم _xالفن في بلاد الرافدين _xالفن الكنعاني _xالفن الفارسي القديم _xالفن الهندي _xالفن الصيني _924773 |
||
| 606 |
_aالفن العربي الإسلامي : المفهوم و النشأة _xالفن الإسلامي _xالخط العربي : من التدوين إلى الفن _924774 |
||
| 606 |
_aالفن وتحريم الصورة _xموقف الديانة اليهودية من الفن _xموقف المسيحية من الفن _xصناعة التصوير لدى عرب ما قبل الإسلام _xمشكلة الصورة في الإسلام _924775 |
||
| 606 |
_aجماليات الفن الإسلامي _xجماليات المدينة العربية الإسلامية _xالزخرفة والرقش وجمالية التجريد _924776 |
||
| 606 |
_aL'art islamique _xconcept, origine et esthétique _925388 |
||
| 700 |
_4070 _a الكحلاوي _bمحمد _924777 |
||
| 701 |
_4440 _aمصدق _bحسين _924778 |
||
| 801 |
_aTN _b32BIS _c20251114 _gUNIMARC |
||
| 830 | _aMS | ||